000 00451nam a2200157Ia 4500
003 OSt
005 20200605144617.0
008 190216s9999||||xx |||||||||||||| ||und||
040 _coclc
082 _a320.01
_bVAR/M
100 _aVarma, S P
_92511
245 0 _aModern Political Theory /
_cS P Varma
260 _bVikas Publishing House,
_c1975.
_aNew Delhi:
300 _a464p
942 _cBK
_2ddc
_h320.01
_iVAR/M
_k320.01
_mVAR/M
999 _c20159
_d20159